[Event "51st World Juniors"]
[Site "Athens GRE"]
[Date "2012.08.02"]
[Round "1.1"]
[White "Ding, Liren"]
[Black "Thavandiran, Shiyam"]
[Result "1-0"]
[WhiteTitle "GM"]
[BlackTitle "FM"]
[WhiteElo "2695"]
[BlackElo "2301"]
[WhiteFideId "8603677"]
[BlackFideId "2605058"]
[EventDate "2012.08.02"]

1. d4 Nf6 2. c4 e6 3. Nf3 Bb4+ 4. Nbd2 O-O 5. a3 Be7 6. e4 d5 7. e5 Nfd7 8. Bd3
c5 9. h4 h6 10. Bb1 Nc6 11. Qc2 f5 12. exf6 Nxf6 13. dxc5 Bxc5 14. O-O Bd6 15.
b4 Ne7 16. Bb2 Nf5 17. Qb3 Kh8 18. Bxf5 exf5 19. Rfe1 Ne4 20. Rad1 Be6 21. Qe3
Qe7 22. Qxh6+ Kg8 23. Bxg7 Rfe8 24. Nxe4 fxe4 25. Bb2 1-0

[Event "51st World Juniors"]
[Site "Athens GRE"]
[Date "2012.08.02"]
[Round "1.2"]
[White "Arvola, Benjamin"]
[Black "Yu, Yangyi"]
[Result "0-1"]
[BlackTitle "GM"]
[WhiteElo "2300"]
[BlackElo "2635"]
[WhiteFideId "1506536"]
[BlackFideId "8603820"]
[EventDate "2012.08.02"]

1. e4 c5 2. Nf3 e6 3. d4 cxd4 4. Nxd4 a6 5. Bd3 Nf6 6. Nc3 d6 7. Qf3 Nbd7 8. h3
g6 9. g4 Bg7 10. Be3 Ne5 11. Qe2 b5 12. O-O-O b4 13. Nb1 Qa5 14. f4 Nxd3+ 15.
Qxd3 Bb7 16. Nxe6 fxe6 17. Qxd6 Qd8 18. Qxb4 Qc8 19. Nc3 a5 20. Qb5+ Bc6 21. Qc4
O-O 22. Rd6 Bxe4 23. Qxc8 Raxc8 24. Nxe4 Nxe4 25. Rxe6 Nc5 26. Bxc5 Rxc5 27. Re4
Rb8 28. c3 Rcb5 29. b3 Bxc3 30. Rd1 Rb4 31. Re3 Bg7 32. Rf3 Bh6 0-1

[Event "51st World Juniors"]
[Site "Athens GRE"]
[Date "2012.08.02"]
[Round "1.3"]
[White "Zherebukh, Yaroslav"]
[Black "Dounis, Alexandros"]
[Result "1-0"]
[WhiteTitle "GM"]
[WhiteElo "2629"]
[BlackElo "2298"]
[WhiteFideId "14116804"]
[BlackFideId "4213238"]
[EventDate "2012.08.02"]

1. e4 e5 2. Nf3 Nc6 3. Bb5 a6 4. Ba4 Nge7 5. c3 g6 6. O-O Bg7 7. d4 exd4 8. cxd4
b5 9. Bc2 d5 10. exd5 Nb4 11. Bb3 Nbxd5 12. Bg5 Qd6 13. Nbd2 O-O 14. Ne4 Qb6 15.
Nc5 h6 16. Bh4 g5 17. Bg3 Rd8 18. Ne5 Bxe5 19. Bxe5 Ng6 20. Re1 Ndf4 21. Qf3 Bf5
22. Bxf4 Nxf4 23. g3 Nh3+ 24. Kg2 Qg6 25. Re5 Nf4+ 26. gxf4 gxf4+ 27. Kh1 Bg4
28. Qg2 f3 29. Qg3 Rxd4 30. Re7 Rf8 31. Nd7 Qg5 32. Re5 1-0

[Event "51st World Juniors"]
[Site "Athens GRE"]
[Date "2012.08.02"]
[Round "1.4"]
[White "Brown, Andrew"]
[Black "Rapport, Richard"]
[Result "0-1"]
[WhiteTitle "IM"]
[BlackTitle "GM"]
[WhiteElo "2296"]
[BlackElo "2605"]
[WhiteFideId "3206513"]
[BlackFideId "738590"]
[EventDate "2012.08.02"]

1. d4 e6 2. c4 Nf6 3. Nf3 c5 4. d5 d6 5. Nc3 exd5 6. cxd5 g6 7. Nd2 Nbd7 8. e4
Bg7 9. Be2 O-O 10. O-O Re8 11. Re1 Ne5 12. h3 g5 13. Nf1 h6 14. Ng3 g4 15. h4
Nh7 16. h5 Qh4 17. Bf4 Ng5 18. Nb5 Rd8 19. Qd2 Nef3+ 20. Bxf3 gxf3 21. Bxg5 hxg5
22. gxf3 Be5 23. Kf1 Bd7 24. Nc3 Bf4 25. Qd3 b5 26. Nf5 Bxf5 27. exf5 Re8 28.
Ne4 Qh3+ 29. Ke2 Qxf5 30. Rad1 Qd7 31. Kf1 Qh3+ 32. Ke2 f5 0-1

[Event "51st World Juniors"]
[Site "Athens GRE"]
[Date "2012.08.02"]
[Round "1.5"]
[White "Shimanov, Aleksandr"]
[Black "Torres, Juan Camilo"]
[Result "1-0"]
[WhiteTitle "GM"]
[WhiteElo "2596"]
[BlackElo "2291"]
[WhiteFideId "4198603"]
[BlackFideId "4405790"]
[EventDate "2012.08.02"]

1. c4 Nf6 2. Nf3 c6 3. Nc3 d5 4. e3 a6 5. d4 b5 6. b3 Bg4 7. Qc2 Bxf3 8. gxf3
Nbd7 9. f4 e6 10. c5 g6 11. Bd3 a5 12. Ne2 Bg7 13. Bb2 O-O 14. Ng1 Qe7 15. Nf3
a4 16. b4 Kh8 17. O-O-O h5 18. Kb1 Rac8 19. Rhg1 Ng4 20. Qe2 Nh6 21. Ne5 Nxe5
22. fxe5 Nf5 23. f3 Rfd8 24. Bc2 Qe8 25. e4 Ne7 26. Bc1 Rd7 27. Bg5 Ng8 28. Rg3
dxe4 29. fxe4 Bh6 30. Bh4 Kh7 31. Rf3 Bg7 32. a3 Nh6 33. Rfd3 Qh8 34. Rf1 Qe8
35. Bg5 Ng8 36. Bd1 Bf8 37. Qf2 Bh6 38. Bh4 Bg7 39. Rf3 Rcc7 40. Rh3 Nh6 41. Bg5
Kg8 42. Bxh5 gxh5 43. Bxh6 f5 44. Bxg7 Rxg7 45. exf5 exf5 46. Rf3 Qg6 47. Rg3
Qf7 48. Qa2 Qxa2+ 49. Kxa2 Rf7 50. Kb2 Rxg3 51. hxg3 Kf8 52. e6 Rf6 53. d5 cxd5
54. c6 Ke7 55. c7 Rf8 56. Rxf5 Rc8 57. Rxh5 Kxe6 58. Rh7 1-0

[Event "51st World Juniors"]
[Site "Athens GRE"]
[Date "2012.08.02"]
[Round "1.6"]
[White "Hernandez Sanchez, Jairo Andres"]
[Black "Ipatov, Alexander"]
[Result "0-1"]
[WhiteTitle "FM"]
[BlackTitle "GM"]
[WhiteElo "2288"]
[BlackElo "2577"]
[WhiteFideId "4404017"]
[BlackFideId "14116731"]
[EventDate "2012.08.02"]

1. e4 g6 2. d4 Bg7 3. Nc3 c5 4. d5 d6 5. Nf3 Nf6 6. Be2 O-O 7. O-O Na6 8. h3 Nc7
9. a4 b6 10. Bf4 Bb7 11. Bc4 a6 12. Re1 Qd7 13. Qd3 Rad8 14. Rad1 Qc8 15. Qd2 e5
16. dxe6 fxe6 17. Bh6 Nh5 18. Bxg7 Kxg7 19. Qg5 h6 20. Qe3 Rd7 21. Rd2 Qd8 22.
Red1 Qe7 23. g3 d5 24. Ne5 d4 25. Ng4 g5 26. Qe2 Rdd8 27. Nb1 Nf6 28. c3 e5 29.
Nxf6 Qxf6 30. b4 b5 31. axb5 axb5 32. Ba2 c4 33. cxd4 exd4 34. Bxc4 bxc4 35.
Qxc4 Ne6 0-1

[Event "51st World Juniors"]
[Site "Athens GRE"]
[Date "2012.08.02"]
[Round "1.7"]
[White "Ter-Sahakyan, Samvel"]
[Black "Leiva, Giuseppe"]
[Result "1-0"]
[WhiteTitle "GM"]
[BlackTitle "FM"]
[WhiteElo "2567"]
[BlackElo "2283"]
[WhiteFideId "13302531"]
[BlackFideId "3804399"]
[EventDate "2012.08.02"]

1. e4 c5 2. Nf3 d6 3. d4 cxd4 4. Nxd4 Nf6 5. Nc3 a6 6. Be3 e5 7. Nb3 Be6 8. Qd2
Nbd7 9. O-O-O Be7 10. f3 b5 11. g4 b4 12. Nd5 Bxd5 13. exd5 Nb6 14. Na5 Nfxd5
15. Nb7 Qc7 16. Bxb6 Nxb6 17. Nxd6+ Bxd6 18. Qxd6 Qxd6 19. Rxd6 Rb8 20. Bxa6 Ke7
21. Rc6 Kd7 22. Rc5 Kd6 23. Rb5 Nd5 24. Ra5 Nc7 25. Rd1+ Kc6 26. Bd3 f6 27. Be4+
Kb6 28. Ra4 Kb5 29. b3 Rhd8 30. Rxd8 Rxd8 31. Ra7 Ne6 32. Bxh7 Rh8 33. Bf5 Nf4
34. Rxg7 Rxh2 35. Kb2 Nd5 36. a3 Rf2 37. axb4 Kxb4 38. Be4 Ne3 39. Rb7+ Kc5 40.
Rf7 Rf1 41. Rxf6 1-0

[Event "51st World Juniors"]
[Site "Athens GRE"]
[Date "2012.08.02"]
[Round "1.8"]
[White "Kigel, Dmytro"]
[Black "Van Kampen, Robin"]
[Result "1/2-1/2"]
[WhiteTitle "FM"]
[BlackTitle "GM"]
[WhiteElo "2276"]
[BlackElo "2565"]
[WhiteFideId "14117932"]
[BlackFideId "1020854"]
[EventDate "2012.08.02"]

1. d4 d5 2. c4 c6 3. Nf3 Nf6 4. Nc3 e6 5. Bg5 h6 6. Bh4 dxc4 7. e3 b5 8. a4 Bb4
9. Nd2 Bb7 10. axb5 Bxc3 11. bxc3 cxb5 12. Rb1 Bc6 13. e4 Qa5 14. Bxf6 gxf6 15.
d5 exd5 16. exd5 Bxd5 17. Qh5 Bc6 18. Bxc4 Qc7 19. Bxb5 Qe5+ 20. Qxe5+ fxe5 21.
O-O O-O 22. f4 a6 23. Bxc6 Nxc6 24. Rb6 Rfc8 25. Ne4 a5 26. fxe5 Rab8 27. Ra6
Ra8 28. Rb6 Rab8 29. Ra6 Ra8 30. Rb6 Rab8 1/2-1/2

[Event "51st World Juniors"]
[Site "Athens GRE"]
[Date "2012.08.02"]
[Round "1.9"]
[White "Grandelius, Nils"]
[Black "Nuri, Kambez"]
[Result "1-0"]
[WhiteTitle "GM"]
[BlackTitle "FM"]
[WhiteElo "2562"]
[BlackElo "2274"]
[WhiteFideId "1710400"]
[BlackFideId "1311433"]
[EventDate "2012.08.02"]

1. Nf3 Nf6 2. c4 e6 3. g3 d5 4. Bg2 dxc4 5. Qa4+ c6 6. Qxc4 b5 7. Qb3 Bb7 8. O-O
Nbd7 9. d4 a6 10. Ne5 Nxe5 11. dxe5 Nd5 12. Nc3 Be7 13. Rd1 Qc7 14. Nxd5 cxd5
15. Bf4 Bc5 16. Be3 Bxe3 17. Qxe3 O-O 18. Rac1 Qd7 19. Qb6 Rac8 20. f4 Rxc1 21.
Rxc1 Rc8 22. Rxc8+ Qxc8 23. Kf2 h6 24. Bf3 Ba8 25. Qa7 Qc6 26. Qb8+ Kh7 27. Qf8
Qb6+ 28. Kf1 Qa7 29. g4 Bc6 30. f5 exf5 31. gxf5 1-0

[Event "51st World Juniors"]
[Site "Athens GRE"]
[Date "2012.08.02"]
[Round "1.10"]
[White "Minko, Vladimir"]
[Black "Salem, A.R. Saleh"]
[Result "0-1"]
[BlackTitle "GM"]
[WhiteElo "2257"]
[BlackElo "2546"]
[WhiteFideId "24146706"]
[BlackFideId "9301348"]
[EventDate "2012.08.02"]

1. d4 Nf6 2. c4 g6 3. Nc3 d5 4. cxd5 Nxd5 5. g3 Bg7 6. Bg2 Nb6 7. Nf3 Nc6 8. e3
O-O 9. O-O Re8 10. Re1 a5 11. Qe2 Be6 12. Nd2 Nb4 13. Rd1 c6 14. a3 N4d5 15.
Nce4 Bf5 16. Nc5 e5 17. e4 exd4 18. Qf3 Qe7 19. exd5 Qxc5 20. dxc6 bxc6 21. Qxc6
Qc2 22. Bf3 Rab8 23. Nf1 Nc4 24. Bf4 Rbc8 25. Qb7 Qxb2 26. Rac1 Be6 27. Bc6 Red8
28. Nd2 h6 29. h4 a4 30. Qe7 Nxd2 31. Bxd2 Bb3 32. Rb1 Qc2 33. Rbc1 Bf8 34. Qf6
Qf5 35. Qxf5 gxf5 0-1

[Event "51st World Juniors"]
[Site "Athens GRE"]
[Date "2012.08.02"]
[Round "1.11"]
[White "Yilmaz, Mustafa"]
[Black "Podolsky, Anton"]
[Result "1/2-1/2"]
[WhiteTitle "IM"]
[WhiteElo "2543"]
[BlackElo "2246"]
[WhiteFideId "6302718"]
[BlackFideId "14119668"]
[EventDate "2012.08.02"]

1. Nf3 Nf6 2. c4 e6 3. Nc3 d5 4. d4 c5 5. cxd5 exd5 6. g3 cxd4 7. Nxd4 Be7 8.
Bg2 O-O 9. O-O Nc6 10. Bg5 Re8 11. Rc1 Be6 12. Qa4 Nxd4 13. Qxd4 Qa5 14. Rfd1
Rac8 15. Qd3 d4 16. Bxf6 Bxf6 17. Ne4 Be7 18. a3 Qb6 19. Qb1 a5 20. Nd2 Qb5 21.
Nf3 Rxc1 22. Qxc1 Rc8 23. Qd2 Rd8 24. Nxd4 Qb6 25. e3 Bf6 26. Bf3 g6 27. Kg2 Bb3
28. Rc1 a4 29. Qe2 Kg7 30. Nxb3 Qxb3 31. Rc7 b5 32. Rc2 b4 33. axb4 Qxb4 34. Bc6
a3 35. bxa3 Qxa3 36. Qf3 Qb3 37. Be4 Rd7 38. h4 Be5 39. Rc5 f6 40. Bd5 Qd3 41.
h5 Rc7 42. Be4 Qd7 43. Rd5 Qe6 44. Rd8 Qe7 45. Rd1 f5 46. Bd5 Qg5 47. hxg6 hxg6
48. Bb3 Qe7 49. Qa8 Qf8 50. Rd8 Qb4 51. Bd5 Rc2 52. Qa6 Kh6 53. Qf1 Bxg3 54.
Rh8+ Kg7 55. Rg8+ Kf6 56. Qa6+ Qd6 57. Qa1+ Be5 58. Qd1 Rc5 59. e4 Kg5 60. Qd2+
Bf4 61. Qa2 Qe5 62. Qa6 Qf6 63. Qa8 Rc2 64. exf5 Rxf2+ 65. Kxf2 1/2-1/2

[Event "51st World Juniors"]
[Site "Athens GRE"]
[Date "2012.08.02"]
[Round "1.12"]
[White "Haarr, Jon Kristian"]
[Black "Huschenbeth, Niclas"]
[Result "0-1"]
[BlackTitle "GM"]
[WhiteElo "2245"]
[BlackElo "2532"]
[WhiteFideId "1505963"]
[BlackFideId "24604747"]
[EventDate "2012.08.02"]

1. e4 c5 2. Nf3 d6 3. d4 cxd4 4. Nxd4 Nf6 5. Nc3 a6 6. Be3 Nbd7 7. f3 Qc7 8. Qd2
b5 9. g4 Nb6 10. O-O-O Bb7 11. e5 b4 12. Ncb5 axb5 13. Nxb5 Qc6 14. exf6 b3 15.
a3 bxc2 16. Qxc2 Qxc2+ 17. Kxc2 Nd5 18. Bd4 gxf6 19. Kb1 Kd7 20. Bc4 Bh6 21.
Rhf1 Rhc8 22. Bd3 Ba6 23. a4 Rab8 24. Rfe1 e6 25. h4 Bf4 26. h5 h6 27. Re2 Be5
28. Re4 Bb7 29. Bxe5 fxe5 30. Ree1 Nb4 31. Be4 d5 32. Bd3 f6 33. Nc3 Nxd3 34.
Rxd3 Ba6 35. Rd2 Rxc3 0-1

[Event "51st World Juniors"]
[Site "Athens GRE"]
[Date "2012.08.02"]
[Round "1.13"]
[White "Grigoryan, Karen H."]
[Black "Larmuseau, Maarten"]
[Result "1-0"]
[WhiteTitle "IM"]
[WhiteElo "2529"]
[BlackElo "2245"]
[WhiteFideId "13301004"]
[BlackFideId "209988"]
[EventDate "2012.08.02"]

1. d4 Nf6 2. c4 e6 3. Nf3 b6 4. g3 Bb4+ 5. Nbd2 Bb7 6. Bg2 O-O 7. O-O d5 8. Qc2
Nbd7 9. a3 Bd6 10. b4 dxc4 11. Nxc4 Be4 12. Qd1 Qe7 13. Bb2 Rfd8 14. Rc1 h6 15.
Re1 Rac8 16. Ncd2 c5 17. Nxe4 Nxe4 18. bxc5 bxc5 19. Qd3 Ndf6 20. Red1 c4 21.
Rxc4 Rxc4 22. Qxc4 Bxa3 23. Bxa3 Qxa3 24. Ne5 a5 25. Nc6 Rd7 26. h3 g6 27. Qc2
Nc3 28. Rd2 Ncd5 29. e4 Ne7 30. Ne5 Rb7 31. Kh2 Qb4 32. d5 Qd6 33. Nxf7 Kxf7 34.
e5 Qc7 35. dxe6+ Kxe6 36. Qa2+ Nfd5 37. Rxd5 1-0

[Event "51st World Juniors"]
[Site "Athens GRE"]
[Date "2012.08.02"]
[Round "1.14"]
[White "Hambleton, Aman"]
[Black "Grover, Sahaj"]
[Result "0-1"]
[WhiteTitle "FM"]
[BlackTitle "IM"]
[WhiteElo "2244"]
[BlackElo "2516"]
[WhiteFideId "2606577"]
[BlackFideId "5021103"]
[EventDate "2012.08.02"]

1. d4 Nf6 2. c4 e6 3. Nc3 Bb4 4. Qc2 O-O 5. a3 Bxc3+ 6. Qxc3 d6 7. Nf3 b6 8. e3
Bb7 9. Be2 Nbd7 10. O-O Ne4 11. Qc2 f5 12. b4 Rf6 13. Nd2 Rh6 14. f3 Nxd2 15.
Bxd2 Qh4 16. h3 Rg6 17. Kh1 Qg3 18. Rg1 Rh6 19. Rgf1 Rf8 20. e4 Rxh3+ 21. gxh3
Qxh3+ 22. Kg1 Qg3+ 23. Kh1 Rf6 24. Bd3 Qh4+ 0-1

[Event "51st World Juniors"]
[Site "Athens GRE"]
[Date "2012.08.02"]
[Round "1.15"]
[White "Holt, Conrad"]
[Black "Aravindh, Chithambaram VR."]
[Result "1-0"]
[WhiteTitle "IM"]
[BlackTitle "FM"]
[WhiteElo "2498"]
[BlackElo "2240"]
[WhiteFideId "2034387"]
[BlackFideId "5072786"]
[EventDate "2012.08.02"]

1. d4 Nf6 2. c4 e6 3. Nc3 Bb4 4. Qc2 d5 5. cxd5 Qxd5 6. Nf3 Qf5 7. Qb3 c5 8. a3
Bxc3+ 9. Qxc3 Nbd7 10. g4 Qd5 11. Bf4 cxd4 12. Qxd4 Qxd4 13. Nxd4 e5 14. Nb5 O-O
15. Be3 Nb6 16. Nc7 Rb8 17. g5 Nh5 18. Bxb6 axb6 19. Nd5 f5 20. e3 f4 21. Be2 f3
22. Bd3 Bh3 23. Nxb6 Rbd8 24. O-O-O g6 25. Be4 Rde8 26. Bxb7 Kg7 27. Rd6 Re7 28.
Be4 Rc7+ 29. Kd2 Bf5 30. Bxf5 Rxf5 31. Rg1 e4 32. Nd5 Rb7 33. Kc2 Kf7 34. Nc3
Re7 35. Rd4 Ng7 36. Nxe4 Rfe5 37. Nd6+ Ke6 38. Nc4 Rc7 39. Kd3 Rec5 40. b4 Rb5
41. Rd6+ Ke7 42. Rg4 Nf5 43. Re4+ Kf7 44. Rd8 Kg7 45. Ree8 Rbb7 46. Ne5 Ne7 47.
Rf8 1-0

[Event "51st World Juniors"]
[Site "Athens GRE"]
[Date "2012.08.02"]
[Round "1.16"]
[White "Sodikov, Ilyas"]
[Black "Rombaldoni, Axel"]
[Result "1/2-1/2"]
[BlackTitle "IM"]
[WhiteElo "2234"]
[BlackElo "2494"]
[WhiteFideId "13705490"]
[BlackFideId "815837"]
[EventDate "2012.08.02"]

1. e4 e6 2. d4 d5 3. e5 c5 4. c3 Qb6 5. Nf3 Nc6 6. a3 Nh6 7. b4 cxd4 8. cxd4 Nf5
9. Bb2 Bd7 10. g4 Nfe7 11. Nc3 h5 12. Na4 Qd8 13. g5 Ng6 14. Rc1 b6 15. Nc3 Be7
16. Rg1 a6 17. Qd2 b5 18. Bd3 Qb6 19. Bxg6 fxg6 20. Nh4 Rf8 21. Na2 a5 22. Nxg6
axb4 23. Nxf8 Bxf8 24. Nxb4 Na5 25. g6 Nc4 26. Qf4 Bxb4+ 27. axb4 Nxb2 28. Rg3
Nc4 29. Rf3 O-O-O 30. Rd1 Be8 31. Qg5 Qc7 32. Ra1 Kb7 33. Rf8 Rc8 34. Rc1 Kb8
35. Ra1 Nb6 36. Rf3 Na4 37. Rg3 Qc2 38. Qe7 Qe4+ 39. Kf1 Qxd4 40. Re1 h4 41. Rg5
Nc3 42. Qd6+ Kb7 43. Qe7+ Rc7 44. Qxe8 Qd3+ 45. Kg1 Qd2 46. Ra1 Qxg5+ 47. Kh1
Na4 48. Qxb5+ Nb6 49. Qa6+ Kc6 50. b5+ Kd7 51. Qxb6 Qxe5 52. Ra7 Qe4+ 53. Kg1
Qxg6+ 54. Kf1 Qd3+ 55. Kg1 Qd1+ 56. Kg2 Qg4+ 57. Kf1 Qc4+ 58. Kg2 g5 59. h3 Qe4+
60. Kg1 Qb1+ 61. Kg2 Qc2 62. Qd4 Rxa7 63. Qxa7+ Kd6 64. Qb8+ Qc7 65. Qf8+ Qe7
66. Qc8 Qc7 67. Qg8 Kc5 68. Qxe6 Qb7 69. Qe5 Qxb5 70. Qxg5 Qc4 71. Qe7+ Kb5 72.
Kf3 Qc3+ 73. Qe3 d4 74. Qxc3 dxc3 75. Ke2 Kc4 76. Kd1 Kd3 77. Kc1 Ke4 78. Kc2
Kf3 79. Kxc3 1/2-1/2

[Event "51st World Juniors"]
[Site "Athens GRE"]
[Date "2012.08.02"]
[Round "1.17"]
[White "Heimann, Andreas"]
[Black "Gantar, Jan"]
[Result "1-0"]
[WhiteTitle "IM"]
[WhiteElo "2493"]
[BlackElo "2218"]
[WhiteFideId "24624632"]
[BlackFideId "14607875"]
[EventDate "2012.08.02"]

1. e4 Nf6 2. e5 Nd5 3. d4 d6 4. Nf3 dxe5 5. c4 e4 6. cxd5 exf3 7. Qxf3 g6 8.
Bb5+ Bd7 9. Bc4 Bg7 10. O-O O-O 11. Nc3 Bxd4 12. Bg5 Bf6 13. Bxf6 exf6 14. Rfe1
Bf5 15. Qf4 Na6 16. Rad1 Qd6 17. Qd4 Qb6 18. g4 Bd7 19. Re7 Rad8 20. Ne4 Kg7 21.
Qc3 Nc5 22. g5 Nxe4 23. Rxe4 Bf5 24. Re7 Rd6 25. Bb3 c6 26. gxf6+ Rxf6 27. d6 a5
28. d7 Bxd7 29. Rexd7 Qxf2+ 30. Kh1 b5 31. R7d2 Qf3+ 32. Qxf3 Rxf3 33. Rc1 Rf6
34. Kg2 Re8 35. Rf2 Rxf2+ 36. Kxf2 a4 37. Bd1 Rd8 38. Ke3 Re8+ 39. Kd2 Rd8+ 40.
Ke1 Re8+ 41. Kf2 Rd8 42. Ke3 c5 43. Bf3 c4 44. Rd1 Re8+ 45. Kd4 Re7 46. a3 f5
47. Rd2 Kf6 48. Bd5 g5 49. Kc5 Re3 50. Kxb5 Rd3 51. Rxd3 cxd3 52. Kc4 Ke5 53.
Bc6 d2 54. Bxa4 Ke4 55. Kc3 Ke3 56. Bd1 h5 57. a4 g4 58. a5 f4 59. a6 f3 60. a7
f2 61. a8=Q 1-0

[Event "51st World Juniors"]
[Site "Athens GRE"]
[Date "2012.08.02"]
[Round "1.18"]
[White "Stathopoulos, Ioannis"]
[Black "Oparin, Grigoriy"]
[Result "0-1"]
[BlackTitle "IM"]
[WhiteElo "2216"]
[BlackElo "2488"]
[WhiteFideId "4223098"]
[BlackFideId "24125890"]
[EventDate "2012.08.02"]

1. d4 Nf6 2. c4 e6 3. Nc3 Bb4 4. e3 c5 5. Bd3 Nc6 6. Nf3 Bxc3+ 7. bxc3 d6 8. O-O
O-O 9. Nd2 e5 10. Re1 Re8 11. d5 e4 12. Nxe4 Nxe4 13. dxc6 bxc6 14. f3 Nf6 15.
e4 Nd7 16. Bf1 Qf6 17. Rb1 Nb6 18. Rb2 Ba6 19. Rd2 Red8 20. Ba3 Nxc4 21. Bxc4
Bxc4 22. e5 dxe5 23. Bxc5 Rd5 24. Rxd5 cxd5 25. Qd2 a6 26. Qe3 Qc6 27. Rb1 Re8
28. Rb6 Qa4 29. h3 Bxa2 30. Bd6 Bc4 31. Qc5 Qd7 32. Rc6 h6 0-1

[Event "51st World Juniors"]
[Site "Athens GRE"]
[Date "2012.08.02"]
[Round "1.19"]
[White "Cori, Jorge"]
[Black "Vasques, Antonio Pedro Freixial"]
[Result "1-0"]
[WhiteTitle "GM"]
[WhiteElo "2487"]
[BlackElo "2214"]
[WhiteFideId "3802272"]
[BlackFideId "1908332"]
[EventDate "2012.08.02"]

1. d4 Nf6 2. Nf3 e6 3. e3 b6 4. Bd3 Bb7 5. O-O g6 6. c4 d6 7. Nc3 Bg7 8. e4 c5
9. d5 exd5 10. cxd5 O-O 11. Nd2 Nbd7 12. Nc4 Ne5 13. Nxe5 dxe5 14. Bg5 h6 15.
Be3 Rc8 16. a4 Ne8 17. a5 Nd6 18. a6 Ba8 19. b3 f5 20. f3 Rf7 21. Qe2 Bf6 22. g3
Bg5 23. Bf2 Qe7 24. Nb5 Rcf8 25. Nxd6 Qxd6 26. Rad1 Kg7 27. Kg2 Be7 28. Be1 fxe4
29. Bxe4 Bf6 30. Bc3 Kh7 31. h4 Kg7 32. Qc2 g5 33. hxg5 Bxg5 34. Qb2 Bf6 35. Rh1
b5 36. Rh5 Re7 37. b4 c4 38. Qd2 Bg5 39. f4 Bf6 40. Rxh6 exf4 41. Rg6+ 1-0

[Event "51st World Juniors"]
[Site "Athens GRE"]
[Date "2012.08.02"]
[Round "1.20"]
[White "Potpara, Nikola"]
[Black "Kanarek, Marcel"]
[Result "1-0"]
[BlackTitle "IM"]
[WhiteElo "2201"]
[BlackElo "2487"]
[WhiteFideId "910058"]
[BlackFideId "1126822"]
[EventDate "2012.08.02"]

1. d4 Nf6 2. c4 g6 3. Nc3 Bg7 4. e4 d6 5. Nf3 O-O 6. Be2 e5 7. O-O exd4 8. Nxd4
Re8 9. f3 c6 10. Kh1 a5 11. Be3 Na6 12. Qd2 Qe7 13. Rad1 Nd7 14. Bg5 Qf8 15. Nc2
Nb4 16. Ne3 Nc5 17. a3 Nba6 18. Qxd6 Qxd6 19. Rxd6 Ne6 20. Bh4 Nd4 21. Rd8 Rxd8
22. Bxd8 Nxe2 23. Nxe2 Bxb2 24. Bxa5 Bxa3 25. Rd1 Be7 26. Bd8 Kf8 27. Kg1 Nc5
28. Nf4 Ra3 29. Kf2 g5 30. Bxe7+ Kxe7 31. Nh5 Be6 32. Ng7 Nd3+ 33. Kg3 Nb2 34.
Rb1 Rxe3 35. Rxb2 Kf6 36. Ne8+ Ke7 37. Ng7 Kf6 38. Nxe6 Kxe6 39. Rxb7 Rc3 40.
Kg4 Rc2 41. g3 h6 42. Rc7 Rxc4 43. Kh5 f5 44. exf5+ Kxf5 45. Rf7+ Ke6 46. Rh7
Rc2 47. Rxh6+ Kf5 48. g4+ Kf4 49. Rf6+ Ke3 50. Kxg5 Rxh2 51. Rxc6 Kxf3 52. Kf5
Ke3 53. g5 Kd4 54. Rd6+ 1-0

[Event "51st World Juniors"]
[Site "Athens GRE"]
[Date "2012.08.02"]
[Round "1.21"]
[White "Shyam, Sundar M."]
[Black "Sreeves, Clement"]
[Result "1-0"]
[WhiteTitle "IM"]
[WhiteElo "2486"]
[BlackElo "2191"]
[WhiteFideId "5019141"]
[BlackFideId "2402564"]
[EventDate "2012.08.02"]

1. e4 e5 2. Nf3 Nc6 3. Bc4 Nf6 4. d3 Be7 5. O-O O-O 6. Re1 d6 7. a4 Na5 8. Ba2
c5 9. c3 Be6 10. Bxe6 fxe6 11. b4 cxb4 12. cxb4 Nc6 13. b5 Nd4 14. Nxd4 exd4 15.
Qb3 Qd7 16. Bb2 Ng4 17. f3 Bh4 18. Re2 Qf7 19. Nd2 Bg5 20. Nf1 Ne5 21. Bxd4 Bf6
22. Bb2 Ng6 23. Rc2 Bxb2 24. Qxb2 Nf4 25. Ra3 e5 26. d4 exd4 27. Qxd4 Rac8 28.
Rac3 Rxc3 29. Qxc3 d5 30. exd5 Qxd5 31. Qc4 h6 32. Ne3 Qxc4 33. Rxc4 Re8 34. Kf2
g5 35. Rd4 Re7 36. Rd2 Rc7 37. a5 Kf8 38. Rd8+ Ke7 39. Rh8 Kd6 40. Rxh6+ Kc5 41.
b6 axb6 42. Rxb6 Rd7 43. Rb3 Rd2+ 44. Kg3 Kd4 45. h4 Nd3 46. hxg5 Kxe3 47. g6
Rc2 48. g7 Rc8 49. Rxb7 Rg8 50. a6 Nc5 51. Re7+ Kd4 52. a7 Kd5 53. Kf2 Kd6 54.
Rf7 Ke6 55. Rf8 1-0

[Event "51st World Juniors"]
[Site "Athens GRE"]
[Date "2012.08.02"]
[Round "1.22"]
[White "Aghayev, Miragha"]
[Black "Kovalev, Vladislav"]
[Result "0-1"]
[BlackTitle "IM"]
[WhiteElo "2187"]
[BlackElo "2485"]
[WhiteFideId "818070"]
[BlackFideId "13504398"]
[EventDate "2012.08.02"]

1. e4 e5 2. Nf3 Nc6 3. d4 exd4 4. Nxd4 Nf6 5. Nxc6 bxc6 6. e5 Qe7 7. Qe2 Nd5 8.
c4 Nb6 9. Nc3 a5 10. Qe4 g6 11. Be3 Bg7 12. f4 O-O 13. c5 Nd5 14. Nxd5 cxd5 15.
Qxd5 Rb8 16. Bc4 Rxb2 17. Bf2 d6 18. cxd6 cxd6 19. Qxa5 dxe5 20. O-O exf4 21.
Rae1 Qf6 22. Bd5 Ba6 23. Bh4 g5 24. Bxg5 Qd4+ 25. Kh1 Bxf1 26. Rxf1 Qd3 27. Rg1
Rb5 28. Be4 Rxa5 29. Bxd3 Rxg5 0-1

[Event "51st World Juniors"]
[Site "Athens GRE"]
[Date "2012.08.02"]
[Round "1.23"]
[White "Shyam, Nikil P."]
[Black "Michelakos, Panagiotis"]
[Result "1/2-1/2"]
[WhiteTitle "IM"]
[WhiteElo "2484"]
[BlackElo "2185"]
[WhiteFideId "5024218"]
[BlackFideId "4216067"]
[EventDate "2012.08.02"]

1. e4 e5 2. Nf3 Nc6 3. Bb5 a6 4. Ba4 d6 5. O-O Bd7 6. d4 Nxd4 7. Bxd7+ Qxd7 8.
Nxd4 exd4 9. Qxd4 Ne7 10. b3 Nc6 11. Qe3 O-O-O 12. Bb2 Be7 13. Qf3 Ne5 14. Bxe5
dxe5 15. Nc3 Bc5 16. Rad1 Qe6 17. h3 g6 18. Na4 Ba7 19. Nb2 f5 20. Nc4 Rd4 21.
Rxd4 Bxd4 22. Re1 f4 23. c3 Ba7 24. Qg4 Qxg4 25. hxg4 Re8 26. Kf1 b5 27. Nd2 Re6
28. Ke2 g5 29. Nf3 h6 30. Rd1 c6 31. a4 Bb6 32. Ra1 Kb7 33. Ne1 Re8 34. Nd3 Kc7
35. Rh1 Re6 36. Rd1 Re7 37. Nb4 a5 38. Nd3 Kb7 39. Ra1 Re8 40. Rd1 Kc7 41. Nb2
Re6 42. axb5 cxb5 43. Rd5 Kc6 44. c4 b4 45. Nd3 Bc7 46. Rc5+ Kd6 47. Rb5 Re8 48.
Rc5 Re7 49. Rd5+ Kc6 50. Nc5 Bb6 51. Na4 Bc7 52. Rc5+ Kd6 53. Rb5 Kc6 54. Rc5+
Kd6 55. Rd5+ 1/2-1/2